书目信息 |
| 题名: |
知识创新思维方法论
|
|
| 作者: | 刘助柏 著 | |
| 分册: | ||
| 出版信息: | 北京 机械工业出版社 1999 |
|
| 页数: | 186页 | |
| 开本: | 20cm | |
| 丛书名: | ||
| 单 册: | ||
| 中图分类: | G302 | |
| 科图分类: | ||
| 主题词: | 科学研究--理论 | |
| 电子资源: | ||
| ISBN: | 7-111-07056-9 | |
| 000 | 00566nam0 2200193 450 | |
| 001 | 0728634156 | |
| 005 | 20070710110135.42 | |
| 010 | @a7-111-07056-9@b精装@dCNY18.00 | |
| 100 | @a20070706d1999 km y0chiy0120 ea | |
| 101 | 0 | @achi |
| 102 | @aCN@b110000 | |
| 200 | 1 | @a知识创新思维方法论@Azhi shi chuang xin si wei fang fa lun@f刘助柏等著@Fliu zhu bai deng zhu |
| 210 | @a北京@c机械工业出版社@d1999 | |
| 215 | @a186页@d20cm | |
| 606 | 0 | @a科学研究@x理论 |
| 690 | @aG302@v3 | |
| 701 | 0 | @a刘助柏@Aliu zhu bai@4著 |
| 801 | 0 | @aCN@bPFT@c20070710 |
| 905 | @a10447@dG302@e146 | |
| 知识创新思维方法论/刘助柏等著.-北京:机械工业出版社,1999 |
| 186页;20cm |
| ISBN 7-111-07056-9(精装):CNY18.00 |
| ● |
| 相关链接 |
|
|
|
|
正题名:知识创新思维方法论
索取号:G302/146
 
预约/预借
| 序号 | 登录号 | 条形码 | 馆藏地/架位号 | 状态 | 备注 |
| 1 | 0765518 | 207655189 | 第一样本阅览室/ [索取号:G302/146] | 在馆 |